| 000 | 00524nam a2200145Ia 4500 | ||
|---|---|---|---|
| 008 | 100204s9999 xx 000 0 und d | ||
| 082 | _b12712 | ||
| 100 | _aमाडगूळकर ग. दि. | ||
| 245 | _aबांधावरच्या बाभळी | ||
| 260 |
_b"कुलकर्णी गं्रथागार , पुणे" _c1979 2 |
||
| 300 | _a147 | ||
| 630 | _aबांधावरच्या बाभळी | ||
| 730 | _aबांधावरच्या बाभळी | ||
| 942 | _cBOOK | ||
| 999 |
_c457144 _d457141 |
||